000 03233nam0a2200433 4500
001 RU\NLR\BIBL_A\022351080
005 20260420015749.0
010 _a978-5-238-03879-7
_91000
021 _aRU
_bКН-П-24-045558
_9КН-П-24-4535
035 _a(NLR Aleph) 022351080
090 _a13667249
_c13667249
100 _a20241011d2024 u y0rusy50 ca
101 0 _arus
102 _aRU
105 _aa j 000yy
181 0 _ai3
_baxxe
182 0 _an
200 1 _aСовременная российская государственность
_eпроблемы государства и права в условиях новой геополитической ситуации
_eучебное пособие для студентов высших учебных заведений, обучающихся по направлению "Юриспруденция"
_f[И. В. Дойников - доктор юридических наук, профессор, Н. Д. Эриашвили - кандидат юридических наук, кандидат исторических наук, доктор экономических наук, профессор, Н. И. Дорохов - кандидат исторических наук, профессор, доцент, П. Г. Шеленговский - кандидат юридических наук, доцент]
_gпод редакцией доктора юридических наук, профессора И. В. Дойникова
203 _aТекст
_bвизуальный
_cнепосредственный
205 _a3-е изд., перераб. и доп.
210 _aМосква
_cЮНИТИ-ДАНА
_cЗакон и право
_d2024
215 _a191 с.
_cтабл.
_d22
225 1 _aСерия учебных изданий Теоретико-исторические правовые дисциплины
300 _aАвт. указаны на 16-й с.
320 _aБиблиогр.: с. 188-189 и в подстроч. примеч.
606 1 _aГосударство
_jУчебные издания для высших учебных заведений
_yРоссийская Федерация
_92070217
_3RU\NLR\AUTH\661244933
606 1 _aПраво
_jУчебные издания для высших учебных заведений
_yРоссийская Федерация
_92070216
_3RU\NLR\AUTH\661244932
606 1 _aГосударство
_jУчебные издания для высших учебных заведений
_xПолитологический аспект
_92277667
_3RU\NLR\AUTH\661364815
686 1 _aХ62я73
686 1 _aФ3(2)12я73
701 1 _7ca
_8rus
_aДойников
_bИ. В.
_f1959-
_gИгорь Валентинович
_9115988
_3RU\NLR\AUTH\776032
701 1 _7ca
_8rus
_aЭриашвили
_bН. Д.
_f1960-
_gНодари Дарчоевич
_911409
_3RU\NLR\AUTH\7728378
701 1 _aДорохов
_bН. И.
_gНиколай Иннокентьевич
701 1 _aШеленговский
_bП. Г.
_gПавел Геннадьевич
942 _cBOOK
980 _aNBR
980 _aNB